| 000 | 01437nam0a22002651 4500 | ||
|---|---|---|---|
| 001 | v19\rc\1726250 | ||
| 005 | 20061002173454.1 | ||
| 035 | _a(NLR Aleph) 004822629 | ||
| 090 |
_a5032127 _c5032127 |
||
| 100 | _a20061002e19011902|||y0rusy50 ca | ||
| 101 | 0 | _arus | |
| 102 | _aRU | ||
| 105 | _aa z |||h| | ||
| 200 | 1 |
_aРазбор возражений на теорию электролитической диссоциации _eРечь, произнесенная на соединенном заседании секций химии и физики XI Съезда русских естествоиспытателей и врачей в С.-Петербурге 23-го дек. 1901 г. _f[Соч.] В.А. Кистяковского |
|
| 210 |
_aСанкт-Петербург _cтип. В. Демакова _d[1901] |
||
| 215 |
_a13 с. _cтабл. _d23 |
||
| 309 | _aБез тит. л. и обл. | ||
| 311 | _aОтт. из: Журн. Рус. физ.-хим. о-ва. 1902, т. 34, вып. 1, ч. хим., отд. 2, стр. 19-31 | ||
| 488 | 0 |
_12001#$aЖурнал Русского физико-химического общества$v1902, т. 34, вып. 1, ч. хим., отд. 2 _1215##$aС. 19-31 |
|
| 700 | 1 |
_aКистяковский _bВ. А. _f1865-1952 _gВладимир Александрович |
|
| 801 | 0 |
_aRU _bNLR _gpsbo |
|
| 801 | 1 |
_aRU _bProSoft-M _2rusmarc |
|
| 852 |
_aNLR _j34.52.6.49 |
||
| 942 | _cBOOK | ||
| 980 | _aNB | ||